000
00276nam a22001097a 4500
082
_a
343.057
_b
STA
245
_a
The Stamp Act, 1899 (Bare Act) /
260
_a
Lahore :
_b
Key Law Reports Publications,
_c
2020.
300
_a
107 p. ;
_c
23 cm.
563
_a
PBK.
942
_2
ddc
_c
BK
999
_c
592429
_d
592429